000 00356 a2200145 4500
001 149936
040 _cEscola São Tomás de Aquino
100 _aCINTA LARGA, Pichuvy
240 1 0 _aMantére ma kwé tinhim
_lpor
245 1 0 _aMantére ma kwé tinhim
300 _a132
362 0 _a1988
697 _aFolclore / Adivinhações / Lendas
942 _cBK
999 _c149936
_d149936